[Event "Dvorkovich Memorial Rapid 2018"]
[Site "Taganrog"]
[Date "2018.01.14"]
[Round "8"]
[White "Savchenko, Boris"]
[Black "Chernyavsky, Alexander"]
[Result "1-0"]
[WhiteElo "2566"]
[BlackElo "2326"]
[Annotator "TA"]
[PlyCount "77"]
[EventDate "2018.??.??"]
[EventType "swiss"]
[EventCountry "RUS"]
[SourceTitle "playchess.com"]
[Source "ChessBase"]
[SourceQuality "1"]

{[%evp 23,77,44,33,0,49,0,55,66,49,0,0,0,0,0,0,0,0,-27,26,24,36,43,38,0,0,0,0,0,0,0,0,0,0,0,0,0,0,-15,0,0,0,0,0,0,0,0,0,0,29990,29991,29994,29995,29995,29996,29997,-5604]} 1. e4 e6 2. d4 d5 3. Nc3 Bb4 4. e5 c5 5. a3 Bxc3+ 6. bxc3 Ne7 7. Qg4 cxd4 8. Qxg7 Rg8 9. Qxh7 Qc7 10. Ne2 Nbc6 {[%cal Bb8c6,Bc6d4,Bd4f5,Bf5e3][%mdl 32]} 11. f4 Bd7 12. Rb1 {C18: French: 3 Nc3 Bb4: Main line: 7 h4 and 7 Qg4} (12. Qd3 dxc3 13. Qxc3 O-O-O 14. Rb1 d4 15. Qc4 Nf5 16. g3 Na5 17. Qxc7+ Kxc7 18. Bg2 Bc6 19. Kf2 Nc4 20. Rb4 b5 21. Bxc6 Kxc6 22. a4 a6 23. axb5+ axb5 {1-0 (51) Leko,P (2679)-Pichot,A (2565) Douglas 2017}) 12... dxc3 {LiveBook: 10 Games} 13. Nxc3 a6 14. Bd2 {White is slightly better.} O-O-O (14... Nd4 $11) 15. Na4 $146 ({Predecessor:} 15. Qd3 Nb8 16. Be3 b5 17. a4 Qa5 18. Bc5 Nf5 19. Kf2 d4 {0-1 (41) Stumbries,L (1683)-Ziese,G (2052) Leipzig 2011}) 15... Nd4 16. Nb6+ (16. Bxa6 $5 Bc6 17. Qd3 Rxg2 18. Nb6+ (18. Qxd4 bxa6 19. Nb6+ Kb8 $14) 18... Kb8 19. Qxd4 bxa6 20. Ba5 $16) 16... Kb8 17. Nxd7+ Rxd7 18. Kd1 {[%cal Be1d1,Bd1c1,Bc1b1][%mdl 32]} Ka8 19. Rb2 Ndf5 20. Qxf7 d4 (20... Qc6 $142) 21. Qxe6 $11 {[#] Strongly threatening Bd3.} Ne3+ 22. Kc1 {Threatens to win with Bd3.} Rg6 $1 {[%cal Rg6e6]} 23. Qb3 {And now Bd3 would win.} N7d5 24. Bd3 Rb6 25. Qa4 Nxf4 26. Kb1 Nxd3 27. cxd3 Rxb2+ 28. Kxb2 {Hoping for Rc1.} Rd5 $1 29. Rc1 Qxe5 30. g3 Rb5+ 31. Ka1 Qd5 32. Bb4 Qf5 {next ...Ka7 is good for Black.} 33. Qb3 $36 {[%mdl 2048] aiming for Qg8+. White has good play.} a5 34. Qg8+ Ka7 35. Bd6 Rd5 $2 {[%mdl 8192] [#]} (35... Nc2+ $11 36. Ka2 Qxd3) 36. Qb8+ {White mates.} Ka6 37. Qa8+ Kb5 38. Rb1+ Ka4 39. Rc1 $4 {[%mdl 40960] Precision: White = 60%, Black = 58%. . Loss on Time!?} (39. Rb4+ {is the narrow road to win.} Kxa3 40. Rb5+ Rxd6 41. Qxa5#) 1-0

[Event "Dvorkovich Memorial Rapid 2018"]
[Site "Taganrog"]
[Date "2018.01.14"]
[Round "8"]
[White "Timofeev, Artyom"]
[Black "Goganov, Aleksey"]
[Result "1/2-1/2"]
[WhiteElo "2563"]
[BlackElo "2563"]
[Annotator "TA"]
[PlyCount "112"]
[EventDate "2018.??.??"]
[EventType "swiss"]
[EventCountry "RUS"]
[SourceTitle "playchess.com"]
[Source "ChessBase"]
[SourceQuality "1"]

{[%evp 12,112,4,0,22,21,28,18,30,14,37,14,52,13,39,15,14,0,17,11,16,10,12,9,19,12,20,21,21,25,20,0,35,39,41,26,26,29,33,-2,20,19,24,26,27,-12,7,5,11,8,15,7,1,2,9,9,12,22,59,45,28,0,0,0,45,40,101,110,83,71,116,108,79,89,120,93,180,49,49,8,8,8,11,8,9,0,0,0,0,0,0,0,0,0,0,0,0,0,0,0,0,0,0]} 1. Nf3 d5 2. g3 c6 3. Bg2 Bg4 4. h3 Bxf3 5. Bxf3 Nf6 6. d4 {A07: Réti Opening: New York and Capablanca Systems} (6. O-O e5 7. Bg2 Nbd7 8. d3 Bc5 9. c4 d4 10. b3 O-O 11. Na3 a5 12. Nc2 Qe7 13. a3 Bb6 14. Rb1 {1-0 (67) Petrosian,T (2601)-Saric,I (2669) Riadh 2017}) 6... Nbd7 7. Bf4 {LiveBook: 4 Games} e6 8. c3 $146 {[%cal Bc2c3,Bc3c4][%mdl 32]} ({Predecessor:} 8. O-O Be7 9. Nd2 O-O 10. c4 dxc4 11. e4 Nb6 12. Be3 Re8 13. Rc1 {0-1 (32) Kirwald,F (2245)-Voveris,G (2285) ICCF corr 1991}) 8... Be7 9. Nd2 O-O 10. O-O Re8 11. Qb3 Qc8 12. c4 Nf8 13. Bg2 Ng6 14. Be3 Qd7 15. Rfd1 h6 16. Rac1 Bd6 17. Qd3 Rad8 18. a3 Qe7 19. b4 a6 20. Qc2 Bb8 21. Qb3 b5 22. cxb5 cxb5 23. Qb1 Qa7 24. Nb3 Ne7 25. Na5 Qd7 26. Qd3 Rc8 27. Bd2 Nf5 28. a4 Ne4 29. axb5 axb5 30. Be1 Ned6 31. Rxc8 Rxc8 32. Nb3 {[%cal Ba5b3,Bb3c5,Bc5e4,Be4f6][%mdl 32]} Nc4 33. Ra1 g6 34. Nc5 Qc7 35. Bc3 $36 {[%mdl 2048] White fights for an advantage.} h5 36. e4 dxe4 $1 37. Nxe4 Qd8 38. d5 exd5 (38... e5 $14) 39. Nf6+ $16 Kf8 {[#] aiming for ...d4.} 40. Nxd5 {Strongly threatening g4.} Be5 41. Bxe5 Nxe5 42. Qxb5 Nd4 43. Qa5 Qd6 (43... Qg5 $16 {was called for.}) 44. Qa3 (44. Rd1 $18 Nef3+ 45. Bxf3 Nxf3+ 46. Kg2) 44... Nc2 $1 $14 {[%cal Rc2a3]} 45. Qa6 Qxa6 {The position is equal.} 46. Rxa6 {b5 is the strong threat.} Rb8 $1 47. f4 Nd3 48. Nf6 Rxb4 49. Ra8+ Kg7 50. Ne8+ Kh6 51. Nd6 Ne3 {[#] White must now prevent ...Rb1+.} 52. Be4 Rb1+ 53. Kh2 Rb2+ 54. Kg1 Rb1+ 55. Kh2 Rb2+ 56. Kg1 Rb1+ {Precision: White = 60%, Black = 40%.} 1/2-1/2

[Event "Dvorkovich Memorial Rapid 2018"]
[Site "Taganrog"]
[Date "2018.01.14"]
[Round "8"]
[White "Triapishko, Alexandr"]
[Black "Bocharov, Dmitry"]
[Result "0-1"]
[WhiteElo "2531"]
[BlackElo "2583"]
[Annotator "TA"]
[PlyCount "136"]
[EventDate "2018.??.??"]
[EventType "swiss"]
[EventCountry "RUS"]
[SourceTitle "playchess.com"]
[Source "ChessBase"]
[SourceQuality "1"]

{[%evp 13,136,25,29,8,27,37,43,42,60,50,41,36,84,58,81,44,35,0,0,0,0,0,0,0,0,0,0,-15,0,-10,-15,-32,-25,-13,0,-102,-80,-86,-83,-219,-206,-216,-202,-235,-220,-321,-328,-322,-325,-334,-328,-303,-308,-291,-302,-391,-374,-536,-524,-499,-493,-677,-684,-643,-633,-954,-1649,-1623,-1556,-1498,-1404,-1545,-1388,-1223,-1168,-1499,-1408,-1597,-1539,-1467,-1418,-1318,-1251,-1258,-1270,-1153,-938,-902,-847,-12837,-12838,-12843,-12844,-12845,0,-12845,-12843,-12843,-12843,-12844,-12843,-12844,-12844,-12845,-12845,-12845,-12845,-12846,-12846,-12846,-12845,-12845,-12845,-12846,-12846,-12847,-12847,-12847,-12847,-12847,-12847,-12850,-12848,-12850,-12849]} 1. e4 c5 2. Nf3 e6 3. d4 cxd4 4. Nxd4 Nc6 5. Nc3 Qc7 6. Be3 a6 7. Qd2 Nf6 8. f4 {B48: Sicilian: Taimanov: 5 Nc3 Qc7 6 Be3 a6 without Be2} b5 9. e5 Ng4 10. Bg1 {White is slightly better.} Nxd4 11. Bxd4 ({Much weaker is} 11. Qxd4 Bb7 $11) 11... Bb7 12. O-O-O Rd8 $146 ({Predecessor:} 12... Be7 13. Bd3 f5 14. h3 Nh6 15. Rhg1 O-O {½-½ (26) Karjakin,S (2766)-Svidler,P (2758) Khanty-Mansiysk 2014}) 13. h3 Nh6 14. Qf2 {And now Bb6 would win.} Qc6 15. Rd2 Nf5 16. Bb6 b4 17. Nd1 Rc8 18. Bd3 Be7 19. Bxf5 exf5 20. Bd4 Qe6 21. Kb1 a5 $36 {[%mdl 2048] White is under pressure.} 22. Re1 a4 23. g4 b3 24. gxf5 (24. c3 $11) 24... Qxf5 {White must now prevent ...Bh4!} 25. Ne3 Qxh3 26. Qf1 (26. Rg1 $17) 26... Qxf1 $19 27. Rxf1 Be4 28. Bc3 Bc5 29. Nd5 (29. Bd4 $142) 29... bxc2+ 30. Kc1 a3 31. Re1 axb2+ 32. Bxb2 Bf5 33. Rg2 Kf8 34. e6 {Hoping for exd7.} fxe6 35. Rxg7 (35. Ne3 {was necessary.} Bg6 36. a4) 35... Ba3 36. Bxa3+ Kxg7 37. Bb2+ Kf7 38. Nb6 Rb8 39. Nxd7 {[#]} Rxb2 $1 40. Kxb2 {[%mdl 4096] Endgame KRB-KRN} Rd8 41. Ne5+ Kf6 {Strongly threatening ...Rd1.} 42. Rc1 Rb8+ 43. Kc3 Rc8+ 44. Kb2 h5 45. Nf3 Rb8+ 46. Kc3 Rb1 47. Kd2 Rb2 48. a3 Ra2 49. Nh4 Be4 50. Re1 Bh7 51. f5 Bxf5 52. Nxf5 Kxf5 {KR-KR} 53. Rf1+ Ke5 $2 (53... Kg4 $19 54. Rg1+ Kf3) 54. Re1+ $2 {[%mdl 8192]} (54. Rf3 $11) 54... Kd5 {Black is clearly winning.} 55. Re3 e5 56. Rh3 Kd4 57. Rd3+ Ke4 58. Rh3 {[#]} Kf4 $1 59. Rh4+ Kf3 60. Rh3+ Kg4 61. Re3 h4 62. Re4+ Kg3 63. Re3+ Kf4 64. Rh3 Kg4 65. Re3 h3 66. Re4+ Kf5 67. Rh4 h2 {( -> ...Ra1)} 68. Kc1 h1=Q+ {Precision: White = 47%, Black = 78%.} 0-1

[Event "Dvorkovich Memorial Rapid 2018"]
[Site "Taganrog"]
[Date "2018.01.14"]
[Round "8"]
[White "Evdokimov, Alexander A"]
[Black "Kamenets, Anatolij"]
[Result "1-0"]
[WhiteElo "2502"]
[BlackElo "2294"]
[Annotator "TA"]
[PlyCount "43"]
[EventDate "2018.??.??"]
[EventType "swiss"]
[EventCountry "RUS"]
[SourceTitle "playchess.com"]
[Source "ChessBase"]
[SourceQuality "1"]

{[%evp 18,43,41,45,54,37,37,37,37,45,48,39,47,18,23,24,29,17,21,9,8,0,0,0,18,-33,-37,-280]} 1. d4 f5 2. c4 Nf6 3. g3 d6 4. Bg2 g6 5. Nh3 Bg7 6. O-O O-O 7. d5 Na6 8. Nc3 Nc5 9. Nf4 a5 {A86: Dutch Defence: Leningrad System: Unusual lines and 5 Nh3} (9... e5 10. dxe6 c6 11. Qc2 Nxe6 12. Rd1 Qe7 13. Rb1 Rd8 14. b3 Nxf4 15. Bxf4 Be6 16. Rd3 Rd7 17. Rbd1 Rad8 18. Qc1 d5 19. cxd5 Nxd5 20. Nxd5 Bxd5 {1-0 (47) Postny,E (2648)-Filev,G (2370) Kavala 2015}) 10. Be3 {LiveBook: 6 Games} b6 11. Qc2 $146 ({Predecessor:} 11. Bd4 Bd7 12. e3 Qe8 13. b3 g5 14. Nd3 Qg6 15. f4 g4 16. Nf2 h5 17. Qd2 {1-0 (58) Tugui,A (2314)-Tantau,A (2253) Baile Tusnad 2000}) 11... Rb8 {White is slightly better.} 12. Rad1 e5 13. dxe6 $1 Nxe6 14. Nxe6 Bxe6 15. Nd5 Qd7 16. Bd4 Rbe8 17. Rfe1 Ng4 18. Bxg7 Qxg7 19. Nf4 Bf7 20. e3 Ne5 21. Ne2 (21. Nd5 $11) 21... g5 $15 ({But not} 21... Nxc4 $6 22. b3 $16) 22. Bd5 $2 {[%mdl 32768] Precision: White = 39%, Black = 75%. . Loss on Time!?} (22. Qc3 $15) 1-0

[Event "Dvorkovich Memorial Rapid 2018"]
[Site "Taganrog"]
[Date "2018.01.14"]
[Round "8"]
[White "Hasangatin, Ramil"]
[Black "Simonyan, Grigori"]
[Result "1-0"]
[WhiteElo "2502"]
[BlackElo "2075"]
[Annotator "TA"]
[PlyCount "69"]
[EventDate "2018.??.??"]
[EventType "swiss"]
[EventCountry "RUS"]
[SourceTitle "playchess.com"]
[Source "ChessBase"]
[SourceQuality "1"]

{[%evp 14,69,158,135,143,137,152,148,183,162,219,196,199,186,259,223,351,308,496,232,304,255,279,253,334,336,323,325,364,375,443,441,470,454,485,474,525,514,615,504,795,663,957,941,1033,516,734,639,651,630,606,599,1987,1952,29986,29987,29987,29988]} 1. e4 c5 2. Nf3 {[%cal Bg1f3,Bf3d4,Bd4b5,Bb5d6][%mdl 32]} e6 3. g3 Nc6 4. Bg2 g6 5. d4 cxd4 6. Nxd4 {B40: Sicilian: 2...e6, Unusual lines} Bg7 (6... Qb6 7. Nxc6 bxc6 8. Be3 Qc7 9. O-O Bg7 10. Bc5 d5 11. Nd2 Nf6 12. Re1 Bf8 13. Bxf8 Kxf8 {0-1 (49) Carlsen,M (2837)-Svidler,P (2749) Astana 2012}) 7. Nb5 Qa5+ 8. N1c3 {LiveBook: 3 Games. White is clearly better.} Nge7 9. Nd6+ Kf8 10. O-O ({Resist} 10. Qf3 Ne5 $14) 10... Qd8 $146 ({Predecessor:} 10... Nd4 11. Ne2 {½-½ (12) Lercel,M (2123)-Galuszka,K (2109) Polanica Zdroj 1999}) 11. Be3 b6 (11... h5 $142 12. Qf3 f6) 12. Qd2 Ba6 13. Rfd1 Ne5 (13... h5 $142 14. h3 Kg8) 14. Bh6 Qc7 (14... Bxh6 $142 15. Qxh6+ Kg8) 15. Qf4 {Strongly threatening Qxe5.} Bxh6 $2 (15... N7c6 16. a4 (16. Qf6 Rg8 $16) 16... Kg8) 16. Qxh6+ Kg8 17. Qf4 N7c6 18. a4 Kg7 19. Ncb5 ({Worse is} 19. Nxf7 Raf8 $11) 19... Qd8 20. Qd2 g5 21. f4 gxf4 22. gxf4 Ng6 23. Ra3 {[%cal Ba1a3,Ba3g3,Bg3g5][%mdl 32]} h5 24. Rg3 h4 25. Rg5 Kf8 26. e5 h3 (26... Rh7 $142 27. Ne4 Rg7) 27. Be4 Rh6 28. Kh1 f5 {[#]} 29. Bf3 (29. Bxf5 $142 $1 {[%mdl 512]} Nce7 (29... exf5 30. Nxf5) 30. Be4 Bxb5 31. axb5) 29... Rb8 30. Rdg1 Nce7 31. Bh5 Kg7 32. R1g3 Qh8 33. Bxg6 Rxg6 {[#]} 34. Nxf5+ $1 {[%mdl 512]} exf5 35. Qxd7 {Precision: White = 65%, Black = 26%.} 1-0

[Event "Dvorkovich Memorial Rapid 2018"]
[Site "Taganrog"]
[Date "2018.01.14"]
[Round "8"]
[White "Belyakov, Bogdan"]
[Black "Khanin, Semen"]
[Result "1/2-1/2"]
[WhiteElo "2486"]
[BlackElo "2458"]
[Annotator "TA"]
[PlyCount "116"]
[EventDate "2018.??.??"]
[EventType "swiss"]
[EventCountry "RUS"]
[SourceTitle "playchess.com"]
[Source "ChessBase"]
[SourceQuality "1"]

{[%evp 12,116,8,0,37,27,19,0,0,10,10,3,0,0,0,-22,-20,-71,14,7,10,0,0,-20,-9,-52,-64,-45,-55,-64,-21,-26,0,-40,-12,-23,0,0,0,0,0,-37,-41,-48,-60,-100,-100,-100,-100,-104,-100,-100,-100,-100,-100,-100,-100,-100,-100,-100,-54,-100,-100,-100,-100,-100,-100,-100,-100,-100,0,0,0,-100,0,0,0,-100,-100,-100,-100,-100,-100,-100,-100,-100,-16,-100,-16,-16,-16,-16,0,0,0,0,0,0,0,0,0,0,0,0,0,0,0]} 1. e4 c5 2. c3 d5 3. exd5 Qxd5 4. d4 Nf6 {[%cal Bg8f6,Bf6d5,Bd5e3][%mdl 32]} 5. Nf3 e6 6. Na3 a6 7. Nc4 Qd8 {B22: Sicilian: 2 c3} (7... Nbd7 8. a4 b6 9. Be2 Bb7 10. O-O cxd4 11. Qxd4 Bc5 12. Qf4 O-O 13. Rd1 Qc6 14. Qh4 Rfd8 15. Bf4 Nf8 16. Rxd8 Rxd8 {0-1 (50) Savchenko,B (2602)-Ghaem Maghami,E (2540) Hamedan 2017}) 8. Be3 (8. a4 {with more complications.} Nc6 9. Be3 Nd5 10. dxc5 Nxe3 11. Qxd8+ Kxd8 12. fxe3 Bxc5 13. b4) 8... Nd5 9. dxc5 Nxe3 10. Qxd8+ Kxd8 11. fxe3 Bxc5 12. b4 $146 ({Predecessor:} 12. O-O-O+ Ke7 13. Nd4 b5 14. Ne5 Bb7 15. Be2 f6 16. Nd3 Bb6 17. Bf3 Bxf3 18. gxf3 g6 19. Nf4 Bxd4 20. cxd4 g5 {½-½ (20) Pedersen,H (2144)-Novak,M (2165) Liberec 2010}) 12... Ba7 13. e4 Ke7 14. e5 {[#]} (14. a4 $11) 14... Nc6 (14... Bd7 $1 $17) 15. a4 $11 Bd7 16. Bd3 b5 17. axb5 axb5 18. Nd6 Bd4 $1 {[%cal Ba7d4,Bd4e5,Be5f4][%mdl 32]} 19. Kd2 Bxe5 20. Nxb5 Bf4+ 21. Kc2 Ne5 22. Nbd4 Nxd3 23. Kxd3 e5 24. g3 exd4 25. gxf4 dxc3 26. Kxc3 Rhc8+ 27. Kd4 Rab8 28. Rab1 Be6 29. b5 Rc4+ 30. Ke3 {White wants to play Ne5.} Rc3+ 31. Kf2 {[#]} Rxf3+ $1 {[%mdl 512]} 32. Kxf3 $17 {[%mdl 4096] Endgame KRR-KRB} Bd5+ 33. Kg3 {And now Rhe1+ would win.} Bxh1 34. Rxh1 Rxb5 {KR-KR} 35. Ra1 Rb3+ 36. Kg2 Kf6 37. Ra5 g6 38. Rc5 Rd3 39. Ra5 h6 40. h4 Ke6 (40... h5 $17 41. Rb5 Ra3) 41. Re5+ $1 $11 Kd6 42. Ra5 (42. h5 $1 $11 {keeps the balance.}) 42... Ke6 (42... Rd5 $17 43. Ra6+ Ke7) 43. Re5+ $1 Kf6 44. Rb5 (44. Ra5 $1 $11) 44... h5 $17 45. Ra5 Rd2+ 46. Kg3 Rd1 {Threatens to win with ...Rg1+.} 47. Kg2 Re1 48. Rb5 Ke6 (48... Re4 $17 49. Kf3 Re1 50. Rb6+ Re6) 49. Rg5 {[#]} (49. f5+ $1 $11 {remains equal.} gxf5 50. Rb6+ Ke5 51. Rh6) 49... Re2+ ({Better is} 49... Ke7 $1 $17 50. Ra5 Kf6) 50. Kf3 $11 {The position is equal.} Rh2 {[#]} 51. f5+ $1 {[%mdl 512]} gxf5 {...Rh3+ is the strong threat.} 52. Rxh5 Ke5 53. Rh7 Rh3+ 54. Kg2 Ra3 55. Rxf7 Kf4 56. h5 Ra2+ 57. Kg1 Ra1+ 58. Kg2 Ra2+ {Precision: White = 54%, Black = 56%.} 1/2-1/2

[Event "Dvorkovich Memorial Rapid 2018"]
[Site "Taganrog"]
[Date "2018.01.14"]
[Round "8"]
[White "Golubov, Saveliy"]
[Black "Nazaretyan, Tigran"]
[Result "1-0"]
[WhiteElo "2484"]
[BlackElo "2285"]
[Annotator "TA"]
[PlyCount "84"]
[EventDate "2018.??.??"]
[EventType "swiss"]
[EventCountry "RUS"]
[SourceTitle "playchess.com"]
[Source "ChessBase"]
[SourceQuality "1"]

{[%evp 12,84,8,-7,11,2,0,-5,8,-8,42,3,3,0,19,22,25,18,24,0,0,-18,10,-7,-4,-17,-9,-20,-9,-18,0,0,0,0,26,0,14,0,0,0,12,4,7,10,48,46,45,8,8,8,13,13,13,15,8,8,8,-595,-576,-1036,78,81,376,376,1120,1120,1081,1080,1064,1028,954,814,795,791,695]} 1. d4 Nf6 2. Nf3 g6 3. g3 Bg7 4. Bg2 O-O 5. O-O d5 6. c3 Nbd7 7. Ne5 {LiveBook: 3 Games. D02: 1 d4 d5 2 Nf3 sidelines, including 2...Nf6 3 g3 and 2...Nf6 3 Bf4} (7. Bf4 c6 8. Qc1 Re8 9. c4 dxc4 10. Qxc4 Nb6 11. Qc1 Bg4 12. Rd1 Qc8 13. Nc3 Nfd5 14. Bh6 Nxc3 15. bxc3 Nc4 {½-½ (34) Malakhov,V (2686)-Vitiugov,N (2722) St Petersburg 2017}) 7... Ne4 8. Bf4 $146 ({Predecessor:} 8. f3 Nd6 9. f4 c6 10. Nd2 Nf6 11. e3 Nfe4 12. Nxe4 dxe4 13. Ng4 Be6 14. Nf2 f5 {1-0 (36) Haring,V (2049)-Cannesar,R (1754) Prague 2012}) 8... Nxe5 9. Bxe5 {The position is equal.} f6 10. Bf4 $1 e5 11. Be3 (11. dxe5 {with more complications.} fxe5 12. Bxe4 dxe4 13. Qb3+ Kh8 14. Be3) 11... exd4 12. Bxd4 Qe7 13. Bxa7 Nxg3 14. hxg3 Rxa7 15. Qxd5+ Be6 16. Qe4 Qf7 17. Na3 c6 18. Qd4 Rfa8 19. e4 Bxa2 20. Nc2 f5 21. e5 Ra5 22. Rfe1 Qe6 {[%cal Rg7e5]} 23. f4 Bf8 {White must now prevent ...Bc5.} 24. b4 Ra4 25. Qd2 Bc4 26. Rxa4 Rxa4 27. Ne3 Ra2 {[%cal Ba4a2,Ba2d2,Bd2d1][%mdl 32]} 28. Qd4 Bb3 29. c4 Bxb4 30. Rb1 Rd2 31. Qb6 Qe7 {aiming for ...Rd3.} 32. Rxb3 Bc5 $132 {[%mdl 2048] Black puts up resistance} 33. Qxb7 Bxe3+ $1 34. Kh1 $2 {[%mdl 8192]} (34. Kh2 $1 $11 Qxb7 35. Rxb7) 34... Rd1+ $1 $19 35. Kh2 Qxb7 $2 (35... Bg1+ $1 $19 36. Kh3 Qf8) 36. Rxb7 {[%mdl 4096] Endgame KRB-KRB} g5 $2 {[%mdl 8192] [#]} (36... Rd2 $16 {is a better defense.}) 37. e6 $1 $18 {[%cal Re6e7]} g4 $2 (37... Bc5 38. Bxc6 Re1) 38. Bxc6 {White is clearly winning.} Rd2+ 39. Kh1 {Intending e7 and mate.} ({Less strong is} 39. Bg2 Kf8 $18) 39... Rd1+ {[#]} 40. Kg2 $1 {White wants to mate with e7.} Rd2+ 41. Kf1 {e7 would kill now.} Bc5 42. e7 Bxe7 {Precision: White = 48%, Black = 39%.} 1-0

[Event "Dvorkovich Memorial Rapid 2018"]
[Site "Taganrog"]
[Date "2018.01.14"]
[Round "8"]
[White "Potapov, Pavel"]
[Black "Bykov, Egor"]
[Result "1/2-1/2"]
[WhiteElo "2479"]
[BlackElo "2346"]
[Annotator "TA"]
[PlyCount "85"]
[EventDate "2018.??.??"]
[EventType "swiss"]
[EventCountry "RUS"]
[SourceTitle "playchess.com"]
[Source "ChessBase"]
[SourceQuality "1"]

{[%evp 13,85,0,11,-4,2,0,-5,-12,-2,-9,14,13,14,14,13,-62,-60,-91,-69,-72,-45,-201,-188,-195,-106,-120,-108,-100,-102,-164,-77,-83,-62,-62,-62,-63,-70,-75,-50,-56,-54,-53,-57,-69,-63,-86,-86,-106,-104,-112,-83,-87,-89,-89,-82,-85,-78,-66,-77,-83,-68,-75,-73,-84,-84,-72,-54,-56,-54,-59,-41,-54,-19,-19]} 1. e4 e5 2. Nf3 Nc6 3. Bb5 a6 4. Ba4 Nf6 5. Bxc6 dxc6 6. d3 Bd6 7. Nbd2 O-O {LiveBook: 29 Partien} 8. b3 {C77: Spanische Partie (Anderssen-Variante)} (8. Nc4 Re8 9. O-O Bg4 10. h3 Bh5 11. Ne3 Nd7 12. Nf5 Nf8 13. g4 Bg6 14. Bg5 f6 15. Be3 Ne6 {0-1 (47) Bartel,M (2664)-Efimenko,Z (2643) Wroclaw 2014}) 8... Nd7 9. Bb2 f6 10. O-O c5 11. Nc4 Rf7 $146 ({Vorgänger:} 11... Nb8 12. Nh4 Nc6 13. Nf5 Nd4 14. Ncxd6 cxd6 15. Nxd4 cxd4 {0-1 (65) Yilmazyerli,M (2207)-Heimann,A (2433) Herceg Novi 2008}) 12. Nh4 Nf8 13. Nf5 Ne6 14. c3 (14. Nfxd6 $11 cxd6 15. a4) 14... Bf8 $15 15. Qf3 g6 $36 {[%mdl 2048] Schwarz steht aktiver.} 16. Nfe3 b5 17. Na3 $2 (17. Na5 $15) 17... Bb7 $19 18. Rad1 {[#]} Rd7 (18... f5 $1 $19 {[%mdl 512] Droht stark ...Sg5.} 19. Nac2 (19. exf5 Bxf3) 19... Bg7) 19. c4 $17 Nd4 20. Qg4 Bc8 21. Kh1 {[#]} (21. Nac2 $17) 21... b4 (21... Bh6 $1 $19 {bietet bessere Gewinnchancen. Weiss muss nun ...b4 beachten.} 22. Qh3 Bg5) 22. Nac2 Nxc2 23. Nxc2 Rxd3 24. Qe2 Rxd1 25. Rxd1 Bd6 26. Ne3 Be6 27. Nd5 Qf8 28. Bc1 a5 29. h3 a4 30. Qc2 axb3 31. axb3 Ra6 32. Ne3 Qa8 33. Bb2 Qc8 34. Kh2 f5 {[%cal Bf6f5,Bf5f4][%mdl 32]} 35. f3 f4 36. Ng4 {[#]} Bxg4 $1 37. hxg4 Qe6 38. Ra1 Rxa1 39. Bxa1 Qe7 {Und ...Dh4+ würde nun gewinnen.} 40. Kg1 Kg7 41. Qd2 Qf7 42. Bb2 g5 43. Qd1 {Precision: Weiß = 44%, Schwarz = 47%.} 1/2-1/2

[Event "Dvorkovich Memorial Rapid 2018"]
[Site "Taganrog"]
[Date "2018.01.14"]
[Round "8"]
[White "Pogonina, Natalija"]
[Black "Sukhareva, Evgeniya"]
[Result "1/2-1/2"]
[WhiteElo "2478"]
[BlackElo "2238"]
[Annotator "TA"]
[PlyCount "91"]
[EventDate "2018.??.??"]
[EventType "swiss"]
[EventCountry "RUS"]
[SourceTitle "playchess.com"]
[Source "ChessBase"]
[SourceQuality "1"]

{[%evp 12,91,34,31,14,16,14,10,50,2,0,0,57,47,66,67,58,33,76,66,77,80,81,62,82,70,70,58,209,188,282,293,432,405,379,235,219,203,348,95,214,206,212,202,220,213,197,188,168,103,196,186,167,12,20,14,25,15,19,0,8,0,0,-30,-39,-383,-229,-920,79,75,77,19,34,0,93,0,14,0,46,0,30,0]} 1. d4 Nf6 2. c4 e6 3. g3 g6 4. Bg2 d5 5. Nf3 Bg7 6. O-O O-O 7. Qc2 b6 {D77: Fianchetto Grünfeld: 6 0-0: Replies other than 6...c6} (7... Nc6 8. Rd1 a5 9. a3 Ne7 10. Nc3 b6 11. Bf4 Bb7 12. cxd5 exd5 13. Rac1 Ne8 14. b4 axb4 15. axb4 {1-0 (30) Matlakov,M (2691)-Lu,S (2595) Ningbo 2015}) 8. cxd5 exd5 9. Bf4 c6 {The position is equal.} 10. Nc3 (10. Bxb8 $5 Rxb8 11. Qxc6 $11) 10... Bb7 11. e4 $146 ({Predecessor:} 11. Rac1 Na6 12. Rfd1 Nc7 13. Bxc7 Qxc7 {0-1 (51) Nyzhnyk,I (2504)-Bosiocic,M (2578) Budva 2009}) 11... Na6 (11... dxe4 $11 12. Nxe4 Nxe4 13. Qxe4 Re8) 12. e5 $14 Nd7 13. Qd2 $36 {[%mdl 2048] Black is under pressure.} Nc7 14. Bh6 c5 15. Rfe1 Re8 16. Bxg7 Kxg7 17. Rad1 Qe7 18. h4 {[%cal Bh2h4,Bh4h5][%mdl 32]} Rad8 19. h5 Ne6 $2 (19... Nf8 $14) 20. Nb5 $1 $18 Nb8 (20... f5 $142 21. Nd6 (21. Nxa7 Nc7 $16) 21... Rb8 22. dxc5 (22. Nxe8+ Rxe8 23. Qd3 Qf7 $18) 22... Ndxc5) 21. Nd6 ({Avoid the trap} 21. Nxa7 $2 Ba6 $19) 21... Rxd6 (21... Nc6 $142 22. dxc5 (22. Nxe8+ Rxe8 23. dxc5 bxc5 $18) 22... bxc5 23. Qxd5 (23. Nxe8+ Rxe8 24. Nh2 Ncd4 $18) 23... Rf8) 22. exd6 Qxd6 23. Ng5 c4 24. Bh3 Bc8 {[#]} (24... Nxg5 $142 25. Qxg5 h6) 25. Kg2 $2 (25. Nxf7 $1 $18 {[%mdl 512] is more deadly.} Kxf7 26. Qh6) 25... Nc6 (25... Nxg5 $16 26. Qxg5 h6) 26. Bxe6 $1 Bxe6 27. hxg6 fxg6 {[%cal Bf7g6,Bg6g5][%mdl 32]} 28. Nxe6+ Rxe6 29. Rxe6 Qxe6 {[%mdl 4096] Endgame KQR-KQN} 30. Qf4 (30. Re1 $18 Qd7 31. Qe3) 30... Ne7 (30... Nb4 $16) 31. g4 $1 h6 32. Rh1 $2 (32. Kf1 $18) 32... g5 $1 $11 {[%cal Rg5f4]} 33. Qe5+ Qxe5 34. dxe5 {KR-KN} Ng6 35. Re1 Kf7 36. e6+ Ke7 $1 37. Kg3 Nf4 38. Re5 $2 {[%mdl 8192]} (38. Kf3 $1 $15) 38... d4 (38... b5 $142 {aiming for ...b4.} 39. Kf3 b4) 39. Kf3 $2 (39. Re4 d3 40. Kf3) 39... Nxe6 $2 ({Black should try} 39... c3 $1 $19 {[%cal Rc3c2] Strongly threatening ...c2.} 40. Re1 c2) 40. Ke4 $16 Kd6 {[#]} 41. Rd5+ (41. Rf5 $1 $16) 41... Ke7 $1 $11 42. Re5 (42. Rf5 $14) 42... Kd6 $1 $16 {[#]} 43. Rd5+ (43. Rf5 $1 $16) 43... Ke7 $1 $11 44. Re5 Kd6 $1 45. Rd5+ {[%mdl 1024] White has compensation.} Ke7 $1 46. Re5 {Precision: White = 30%, Black = 42%.} 1/2-1/2